Normal view
MARC view
- ISLAM-SEERAT-PROPHET MUHAMMAD PEACE BE UPON HIM
Entry Topical Term
001 - CONTROL NUMBER
- control field: 66416
003 - CONTROL NUMBER IDENTIFIER
- control field: NUST
005 - DATE AND TIME OF LATEST TRANSACTION
- control field: 20210628203604.0
008 - FIXED-LENGTH DATA ELEMENTS
- fixed length control field: 210628|| aca||aabn | a|a d
040 ## - CATALOGING SOURCE
- Original cataloging agency: NUST
- Transcribing agency: NUST
150 ## - HEADING--TOPICAL TERM
- Topical term or geographic name entry element: ISLAM-SEERAT-PROPHET MUHAMMAD PEACE BE UPON HIM
670 ## - SOURCE DATA FOUND
- Source citation: Work cat.: (NUST): Shibly Noumani. Allama, Syed Suleman Nadvi 66415, Seerat -un - nabi peace be upo him, the comprehensive book on seerat in urdu language, 1991
